[Event "Russian Team Championships 2014 (men)"]
[Site "Sochi (Loo)"]
[Date "2014.04.07"]
[Round "1.14"]
[White "Tomashevsky, Evgeny"]
[Black "Rozum, Ivan"]
[Result "1/2-1/2"]
[LiveChessVersion "1.4.2"]
[BlackElo "2532"]
[WhiteElo "2697"]
[BlackTeam "Club Chigorin"]
[WhiteTeam "Ugra"]

1. d4 {[%clk 1:30:56]} Nf6 {[%clk 1:30:52]} 2. c4 {[%clk 1:31:20]} e6
{[%clk 1:31:18]} 3. Nc3 {[%clk 1:31:43]} Bb4 {[%clk 1:31:42]} 4. e3
{[%clk 1:32:07]} O-O {[%clk 1:31:52]} 5. Bd3 {[%clk 1:32:03]} c5 {[%clk 1:31:58]}
6. Nf3 {[%clk 1:32:02]} d5 {[%clk 1:32:05]} 7. O-O {[%clk 1:32:06]} dxc4
{[%clk 1:32:20]} 8. Bxc4 {[%clk 1:32:26]} Bd7 {[%clk 1:32:07]} 9. Qe2
{[%clk 1:18:07]} Bc6 {[%clk 1:31:45]} 10. Rd1 {[%clk 1:17:28]} Bxc3
{[%clk 1:31:39]} 11. bxc3 {[%clk 1:17:50]} Nbd7 {[%clk 1:32:01]} 12. Bd3
{[%clk 1:11:00]} Be4 {[%clk 1:25:46]} 13. Bxe4 {[%clk 0:59:32]} Nxe4
{[%clk 1:25:34]} 14. Qd3 {[%clk 0:59:55]} Ndf6 {[%clk 1:20:23]} 15. c4
{[%clk 0:56:34]} Qc7 {[%clk 1:16:06]} 16. Bb2 {[%clk 0:54:56]} Rfd8
{[%clk 1:15:23]} 17. h3 {[%clk 0:51:33]} Rac8 {[%clk 1:09:06]} 18. Rac1
{[%clk 0:50:43]} Qb6 {[%clk 0:57:11]} 19. Ba1 {[%clk 0:39:44]} Qa6
{[%clk 0:57:22]} 20. Qb3 {[%clk 0:38:41]} Rc7 {[%clk 0:44:43]} 21. dxc5
{[%clk 0:20:12]} Rf8 {[%clk 0:30:21]} 22. Bxf6 {[%clk 0:15:55]} Nxf6
{[%clk 0:30:25]} 23. Rd6 {[%clk 0:15:07]} Qa5 {[%clk 0:30:02]} 24. c6
{[%clk 0:14:49]} Rxc6 {[%clk 0:25:58]} 25. Rxc6 {[%clk 0:13:22]} bxc6
{[%clk 0:26:27]} 26. c5 {[%clk 0:13:46]} Qc7 {[%clk 0:20:33]} 27. Nd4
{[%clk 0:13:13]} Nd7 {[%clk 0:19:19]} 28. Qa4 {[%clk 0:12:28]} Rc8
{[%clk 0:19:32]} 29. Nb3 {[%clk 0:11:14]} g6 {[%clk 0:16:22]} 30. Qh4
{[%clk 0:04:21]} Nf8 {[%clk 0:09:00]} 31. Rd1 {[%clk 0:04:27]} Qb7
{[%clk 0:08:13]} 32. Qa4 {[%clk 0:03:39]} e5 {[%clk 0:06:30]} 33. Qe4
{[%clk 0:03:59]} Qa6 {[%clk 0:05:57]} 34. Rd2 {[%clk 0:02:54]} Re8
{[%clk 0:06:26]} 35. Kh2 {[%clk 0:02:30]} Kg7 {[%clk 0:05:24]} 36. Nd4
{[%clk 0:01:32]} Nd7 {[%clk 0:01:58]} 37. Qxc6 {[%clk 0:01:39]} Qxc6
{[%clk 0:01:46]} 38. Nxc6 {[%clk 0:02:08]} Nxc5 {[%clk 0:02:08]} 39. Nxa7
{[%clk 0:02:17]} e4 {[%clk 0:00:48]} 40. Nb5 {[%clk 0:32:25]} Ra8
{[%clk 0:30:44]} 41. Nd6 {[%clk 0:28:40]} Ra6 {[%clk 0:25:52]} 42. g4
{[%clk 0:26:09]} Kf6 {[%clk 0:18:21]} 43. Kg3 {[%clk 0:25:28]} Ke7
{[%clk 0:16:54]} 44. Nb5 {[%clk 0:17:19]} Nd3 {[%clk 0:16:08]} 45. Rc2
{[%clk 0:11:31]} f5 {[%clk 0:15:11]} 46. Nd4 {[%clk 0:08:46]} fxg4
{[%clk 0:10:31]} 47. Kxg4 {[%clk 0:07:52]} Kf6 {[%clk 0:09:52]} 48. Kg3
{[%clk 0:07:31]} Ke5 {[%clk 0:08:53]} 49. h4 {[%clk 0:06:21]} Kd5
{[%clk 0:08:14]} 50. Rd2 {[%clk 0:03:36]} Ra8 {[%clk 0:04:33]} 51. f4
{[%clk 0:02:27]} h5 {[%clk 0:03:30]} 52. Nb5 {[%clk 0:01:21]} Kc4
{[%clk 0:03:23]} 53. Nd6+ {[%clk 0:01:18]} Kd5 {[%clk 0:03:47]} 54. Nf7
{[%clk 0:01:43]} Ke6 {[%clk 0:03:26]} 55. Ng5+ {[%clk 0:02:02]} Kd5
{[%clk 0:03:44]} 56. Rc2 {[%clk 0:01:45]} Ra3 {[%clk 0:03:37]} 57. Rc8
{[%clk 0:02:11]} Nc5 {[%clk 0:03:49]} 58. Rd8+ {[%clk 0:01:44]} Kc6
{[%clk 0:03:55]} 59. f5 {[%clk 0:00:47]} gxf5 {[%clk 0:04:16]} 60. Kf4
{[%clk 0:01:05]} Rxa2 {[%clk 0:04:19]} 61. Kxf5 {[%clk 0:01:19]} Rh2
{[%clk 0:04:34]} 62. Rc8+ {[%clk 0:00:55]} Kd5 {[%clk 0:03:26]} 63. Rd8+
{[%clk 0:01:02]} Kc6 {[%clk 0:03:55]} 64. Nxe4 {[%clk 0:01:00]} Nxe4
{[%clk 0:04:17]} 65. Kxe4 {[%clk 0:01:27]} Rxh4+ {[%clk 0:04:43]} 66. Kf5
{[%clk 0:01:51]} Kc7 {[%clk 0:04:48]} 67. Rd1 {[%clk 0:02:10]} Ra4
{[%clk 0:04:49]} 68. e4 {[%clk 0:02:35]} h4 {[%clk 0:02:39]} 69. e5
{[%clk 0:02:59]} h3 {[%clk 0:02:55]} 70. e6 {[%clk 0:03:19]} Ra2 {[%clk 0:02:48]}
71. e7 {[%clk 0:01:23]} Re2 {[%clk 0:02:52]} 72. Kf6 {[%clk 0:01:24]} h2
{[%clk 0:03:15]} 73. Kf7 {[%clk 0:01:21]} Rf2+ {[%clk 0:03:39]} 74. Ke8
{[%clk 0:01:03]} Re2 {[%clk 0:03:58]} 75. Rc1+ {[%clk 0:01:00]} Kd6
{[%clk 0:03:44]} 76. Kd8 {[%clk 0:01:04]} Rxe7 {[%clk 0:03:56]} 77. Rd1+
{[%clk 0:01:33]} Ke6 {[%clk 0:04:20]} 78. Re1+ {[%clk 0:02:00]} Kf6
{[%clk 0:04:46]} 79. Rf1+ {[%clk 0:02:28]} Ke6 {[%clk 0:05:05]} 80. Re1+
{[%clk 0:02:55]} Ke5 1/2-1/2

[Event "Russian Team Championships 2014 (men)"]
[Site "Sochi (Loo)"]
[Date "2014.04.07"]
[Round "1.21"]
[White "Grachev, Boris"]
[Black "Sivuk, Vitaly"]
[Result "1-0"]
[LiveChessVersion "1.4.2"]
[BlackElo "2519"]
[WhiteElo "2659"]
[BlackTeam "Turbonasos"]
[WhiteTeam "SHSM-Nashe nasledie"]

1. d4 {[%clk 1:30:58]} Nf6 {[%clk 1:30:44]} 2. c4 {[%clk 1:31:21]} g6
{[%clk 1:31:00]} 3. Nf3 {[%clk 1:31:43]} Bg7 {[%clk 1:31:16]} 4. g3
{[%clk 1:32:08]} O-O {[%clk 1:31:33]} 5. Bg2 {[%clk 1:32:33]} d5 {[%clk 1:31:52]}
6. cxd5 {[%clk 1:32:40]} Nxd5 {[%clk 1:32:14]} 7. O-O {[%clk 1:33:07]} Nb6
{[%clk 1:32:29]} 8. Nc3 {[%clk 1:33:29]} Nc6 {[%clk 1:32:50]} 9. e3
{[%clk 1:33:54]} Re8 {[%clk 1:33:08]} 10. Nh4 {[%clk 1:33:44]} a5
{[%clk 1:29:43]} 11. f4 {[%clk 1:33:35]} a4 {[%clk 1:29:18]} 12. Rf2
{[%clk 1:33:31]} Bd7 {[%clk 1:25:38]} 13. Nf3 {[%clk 1:29:57]} Qc8
{[%clk 1:17:39]} 14. Ne4 {[%clk 1:19:39]} Rd8 {[%clk 1:04:23]} 15. Nc5
{[%clk 1:15:56]} Be8 {[%clk 1:02:54]} 16. Qf1 {[%clk 1:11:59]} e6
{[%clk 0:58:44]} 17. Bd2 {[%clk 1:09:15]} Nd5 {[%clk 0:57:27]} 18. Qe1
{[%clk 1:05:34]} b6 {[%clk 0:53:08]} 19. Nd3 {[%clk 1:04:57]} Qa6
{[%clk 0:50:53]} 20. Bf1 {[%clk 1:03:42]} Qa7 {[%clk 0:49:52]} 21. Rc1
{[%clk 1:00:37]} Nf6 {[%clk 0:45:48]} 22. Bc3 {[%clk 0:53:05]} Ne4
{[%clk 0:43:35]} 23. Rfc2 {[%clk 0:53:30]} Rac8 {[%clk 0:42:18]} 24. Bg2
{[%clk 0:51:44]} Nxc3 {[%clk 0:33:23]} 25. Rxc3 {[%clk 0:51:14]} Ne7
{[%clk 0:33:40]} 26. Nfe5 {[%clk 0:49:40]} Bb5 {[%clk 0:26:51]} 27. Nc6
{[%clk 0:45:57]} Nxc6 {[%clk 0:22:43]} 28. Bxc6 {[%clk 0:46:13]} Qa5
{[%clk 0:20:36]} 29. Qd1 {[%clk 0:39:25]} Bxd3 {[%clk 0:14:37]} 30. Qxd3
{[%clk 0:36:19]} Bf8 {[%clk 0:13:51]} 31. Bb7 {[%clk 0:25:30]} Rb8
{[%clk 0:14:14]} 32. Rxc7 {[%clk 0:24:35]} Bd6 {[%clk 0:12:37]} 33. Rc8
{[%clk 0:24:52]} Rbxc8 {[%clk 0:11:10]} 34. Bxc8 {[%clk 0:24:30]} Qd5
{[%clk 0:09:34]} 35. b3 {[%clk 0:19:48]} axb3 {[%clk 0:07:11]} 36. axb3
{[%clk 0:16:08]} b5 {[%clk 0:06:25]} 37. Ba6 {[%clk 0:14:30]} b4 {[%clk 0:03:50]}
38. Bb5 {[%clk 0:09:39]} Qa8 {[%clk 0:02:47]} 39. Qc2 {[%clk 0:07:13]} Be7
{[%clk 0:01:50]} 40. Bc6 {[%clk 0:35:28]} Qa5 {[%clk 0:31:22]} 41. Be4
{[%clk 0:33:32]} Bd6 {[%clk 0:28:51]} 42. h4 {[%clk 0:25:23]} Kg7
{[%clk 0:28:05]} 43. Qb2 {[%clk 0:23:26]} Qa3 {[%clk 0:26:28]} 44. Qb1
{[%clk 0:23:38]} Rd7 {[%clk 0:25:31]} 45. Kf2 {[%clk 0:23:50]} Rc7
{[%clk 0:24:51]} 46. Bc6 {[%clk 0:23:36]} Qa5 {[%clk 0:24:34]} 47. Rc4
{[%clk 0:23:06]} Qa6 {[%clk 0:23:46]} 48. Qc2 {[%clk 0:21:34]} Qa1
{[%clk 0:23:13]} 49. Be4 {[%clk 0:15:07]} Ra7 {[%clk 0:20:34]} 50. Qb1
{[%clk 0:15:09]} Qa5 {[%clk 0:18:03]} 51. g4 {[%clk 0:14:29]} f5 {[%clk 0:16:34]}
52. Bf3 {[%clk 0:13:24]} Rc7 {[%clk 0:14:02]} 53. Qc2 {[%clk 0:10:25]} Rxc4
{[%clk 0:10:51]} 54. Qxc4 {[%clk 0:10:13]} Qd8 {[%clk 0:09:12]} 55. g5
{[%clk 0:10:29]} Qd7 {[%clk 0:09:02]} 56. Qc6 {[%clk 0:08:13]} Qxc6
{[%clk 0:07:06]} 57. Bxc6 {[%clk 0:08:38]} Kf7 {[%clk 0:07:30]} 58. Ke2
{[%clk 0:08:36]} Bf8 {[%clk 0:07:22]} 59. Kd3 {[%clk 0:08:12]} h6
{[%clk 0:07:23]} 60. Kc4 {[%clk 0:06:00]} hxg5 {[%clk 0:07:46]} 61. hxg5
{[%clk 0:06:16]} Bd6 {[%clk 0:08:06]} 62. Bd7 {[%clk 0:06:09]} Ke7
{[%clk 0:08:17]} 63. Bc8 {[%clk 0:06:35]} Kf7 {[%clk 0:08:18]} 64. Kb5
{[%clk 0:06:14]} Ke7 {[%clk 0:07:59]} 65. Kc6 {[%clk 0:05:49]} Bb8
{[%clk 0:08:15]} 66. Bd7 {[%clk 0:05:40]} Kf7 {[%clk 0:07:15]} 67. Kb7
{[%clk 0:05:54]} Bd6 {[%clk 0:07:38]} 68. Bb5 {[%clk 0:05:41]} Bf8
{[%clk 0:07:38]} 69. Kc6 {[%clk 0:04:36]} Ke8 {[%clk 0:07:41]} 70. Be2
{[%clk 0:02:18]} Kd8 {[%clk 0:07:34]} 71. Ba6 {[%clk 0:02:43]} Ke8
{[%clk 0:07:11]} 72. Kb5 {[%clk 0:01:10]} Kd8 {[%clk 0:07:21]} 73. Bb7
{[%clk 0:01:20]} Ke8 {[%clk 0:07:03]} 74. Bg2 {[%clk 0:01:18]} Kd8
{[%clk 0:07:11]} 75. Bf1 {[%clk 0:01:31]} Kc7 {[%clk 0:06:20]} 76. Bc4
{[%clk 0:01:09]} Kd7 {[%clk 0:06:44]} 77. Kb6 {[%clk 0:01:38]} Kd6
{[%clk 0:06:42]} 78. Bb5 {[%clk 0:01:41]} Ke7 {[%clk 0:06:47]} 79. Kc7
{[%clk 0:02:06]} Bg7 {[%clk 0:07:01]} 80. Bc4 {[%clk 0:02:27]} Bf8
{[%clk 0:07:19]} 81. Kc6 {[%clk 0:02:53]} Bg7 {[%clk 0:06:11]} 82. Kc5
{[%clk 0:03:20]} Bf8 {[%clk 0:06:08]} 83. Kxb4 {[%clk 0:03:39]} Kd7+
{[%clk 0:06:23]} 84. Ka4 {[%clk 0:03:36]} Bd6 {[%clk 0:06:19]} 85. Bb5+
{[%clk 0:03:46]} Kd8 {[%clk 0:06:33]} 86. b4 {[%clk 0:03:21]} Ke7
{[%clk 0:05:59]} 87. Bc6 {[%clk 0:03:19]} Kd8 {[%clk 0:05:57]} 88. Ka5
{[%clk 0:02:44]} Bf8 {[%clk 0:05:58]} 89. Kb5 {[%clk 0:02:20]} Bd6
{[%clk 0:05:57]} 90. Kc4 {[%clk 0:02:42]} Ke7 {[%clk 0:06:04]} 91. Bb7
{[%clk 0:01:55]} Kd7 {[%clk 0:06:14]} 92. Ba6 {[%clk 0:02:21]} Kd8
{[%clk 0:05:44]} 93. Kb3 {[%clk 0:02:25]} Kd7 {[%clk 0:05:46]} 94. Bc4
{[%clk 0:02:22]} Ke7 {[%clk 0:05:47]} 95. Ka4 {[%clk 0:02:24]} Kd7
{[%clk 0:05:42]} 96. Ka5 {[%clk 0:02:50]} Bf8 {[%clk 0:05:35]} 97. b5
{[%clk 0:01:24]} Ba3 {[%clk 0:05:50]} 98. b6 {[%clk 0:01:40]} Bc1
{[%clk 0:05:47]} 99. Bxe6+ {[%clk 0:01:58]} Kd8 {[%clk 0:04:22]} 100. Ka6
{[%clk 0:01:43]} Bxe3 {[%clk 0:04:41]} 101. b7 {[%clk 0:01:58]} Bxf4
{[%clk 0:04:53]} 102. Ka7 {[%clk 0:02:25]} Ke7 {[%clk 0:05:11]} 103. Bd5
{[%clk 0:02:29]} Bc7 {[%clk 0:04:23]} 104. b8=Q {[%clk 0:02:41]} Bxb8+
{[%clk 0:04:50]} 105. Kxb8 {[%clk 0:03:06]} Kd6 {[%clk 0:04:54]} 106. Bf3
{[%clk 0:03:32]} Kd5 1-0

[Event "Russian Team Championships 2014 (men)"]
[Site "Sochi (Loo)"]
[Date "2014.04.07"]
[Round "1.23"]
[White "Popov, Ivan"]
[Black "Demidov, Mikhail"]
[Result "1/2-1/2"]
[LiveChessVersion "1.4.2"]
[BlackElo "2498"]
[WhiteElo "2651"]
[BlackTeam "Turbonasos"]
[WhiteTeam "SHSM-Nashe nasledie"]

1. e4 {[%clk 1:30:56]} e6 {[%clk 1:30:37]} 2. d4 {[%clk 1:31:18]} d5
{[%clk 1:30:55]} 3. Nc3 {[%clk 1:31:41]} Nf6 {[%clk 1:31:08]} 4. Bg5
{[%clk 1:31:54]} Bb4 {[%clk 1:30:58]} 5. e5 {[%clk 1:31:49]} h6 {[%clk 1:31:18]}
6. Bh4 {[%clk 1:31:59]} g5 {[%clk 1:31:10]} 7. Bg3 {[%clk 1:32:22]} Ne4
{[%clk 1:30:59]} 8. Nge2 {[%clk 1:32:45]} c5 {[%clk 1:28:11]} 9. a3
{[%clk 1:33:02]} Bxc3+ {[%clk 1:26:05]} 10. Nxc3 {[%clk 1:33:23]} Qa5
{[%clk 1:09:18]} 11. dxc5 {[%clk 1:32:15]} Nxc3 {[%clk 1:08:22]} 12. Qd2
{[%clk 1:32:29]} Nc6 {[%clk 1:01:31]} 13. Qxc3 {[%clk 1:20:39]} Qxc3+
{[%clk 1:01:39]} 14. bxc3 {[%clk 1:21:06]} Bd7 {[%clk 0:58:31]} 15. h4
{[%clk 1:18:36]} O-O-O {[%clk 0:55:31]} 16. f3 {[%clk 1:11:55]} d4 17. cxd4
{[%clk 1:05:57]} Nxd4 {[%clk 0:41:54]} 18. O-O-O {[%clk 1:06:18]} Nf5
{[%clk 0:40:46]} 19. Bf2 {[%clk 1:06:36]} Ne7 {[%clk 0:31:53]} 20. Rd4
{[%clk 0:56:23]} Ng6 {[%clk 0:28:01]} 21. Bg3 {[%clk 0:53:20]} Bc6
{[%clk 0:25:24]} 22. Rg4 {[%clk 0:31:48]} gxh4 {[%clk 0:21:51]} 23. Bxh4
{[%clk 0:32:01]} Nxh4 {[%clk 0:18:46]} 24. Rgxh4 {[%clk 0:19:31]} Rd5
{[%clk 0:18:59]} 25. f4 {[%clk 0:19:16]} Rd4 {[%clk 0:10:59]} 26. R1h3
{[%clk 0:15:50]} Rhd8 {[%clk 0:09:23]} 27. Rd3 {[%clk 0:14:14]} Re4
{[%clk 0:06:35]} 28. Rxd8+ {[%clk 0:07:36]} Kxd8 {[%clk 0:07:04]} 29. Kd2
{[%clk 0:06:37]} Ra4 {[%clk 0:06:47]} 30. g3 {[%clk 0:02:55]} Rxa3
{[%clk 0:06:37]} 31. Bd3 {[%clk 0:03:23]} Ra1 {[%clk 0:04:43]} 32. Rxh6
{[%clk 0:03:47]} Rg1 {[%clk 0:05:08]} 33. Rh8+ {[%clk 0:03:29]} Ke7
{[%clk 0:05:37]} 34. Rg8 {[%clk 0:03:51]} a5 {[%clk 0:05:56]} 35. Kc3
{[%clk 0:03:43]} a4 {[%clk 0:05:04]} 36. g4 {[%clk 0:03:55]} Rg3 {[%clk 0:03:39]}
37. Kb2 {[%clk 0:03:58]} Rg2 {[%clk 0:03:22]} 38. Kc3 {[%clk 0:02:45]} Rg3
{[%clk 0:03:46]} 39. Kb4 {[%clk 0:02:45]} Rg1 {[%clk 0:03:45]} 40. Ka3
{[%clk 0:31:54]} Rg3 {[%clk 0:33:56]} 41. Kb2 {[%clk 0:27:57]} Rg2
{[%clk 0:34:06]} 42. Kc3 {[%clk 0:21:22]} Rg3 {[%clk 0:34:26]} 43. Kb2
{[%clk 0:21:45]} Rg2 {[%clk 0:34:51]} 1/2-1/2

[Event "Russian Team Championships 2014 (men)"]
[Site "Sochi (Loo)"]
[Date "2014.04.07"]
[Round "1.30"]
[White "Kharlov, Andrei"]
[Black "Ofitserian, Boris"]
[Result "0-1"]
[LiveChessVersion "1.4.2"]
[BlackElo "2109"]
[WhiteElo "2496"]
[BlackTeam "Moscow region"]
[WhiteTeam "Ladja"]

1. d4 {[%clk 1:30:52]} d5 {[%clk 1:30:55]} 2. Bf4 {[%clk 1:30:45]} c5
{[%clk 1:30:54]} 3. e4 {[%clk 1:29:55]} dxe4 {[%clk 1:30:57]} 4. d5
{[%clk 1:29:29]} g6 {[%clk 1:29:48]} 5. Nc3 {[%clk 1:27:38]} Nf6 {[%clk 1:28:36]}
6. Qe2 {[%clk 1:21:00]} Bg7 {[%clk 1:21:17]} 7. O-O-O {[%clk 1:14:23]} O-O
{[%clk 1:10:44]} 8. d6 {[%clk 1:05:00]} e5 {[%clk 1:00:09]} 9. Bg5
{[%clk 0:57:31]} Nc6 {[%clk 0:59:15]} 10. Nxe4 {[%clk 0:53:59]} Nd4
{[%clk 0:58:15]} 11. Qe1 {[%clk 0:52:27]} Bf5 {[%clk 0:55:42]} 12. f3
{[%clk 0:43:33]} Rc8 {[%clk 0:48:24]} 13. Bxf6 {[%clk 0:31:42]} Bxf6
{[%clk 0:48:49]} 14. c3 {[%clk 0:31:56]} Bxe4 {[%clk 0:32:04]} 15. fxe4
{[%clk 0:31:19]} Nc6 {[%clk 0:30:52]} 16. Nf3 {[%clk 0:27:56]} Qa5
{[%clk 0:30:07]} 17. Bc4 {[%clk 0:24:01]} b5 {[%clk 0:28:20]} 18. Bd5
{[%clk 0:24:25]} c4 {[%clk 0:19:07]} 19. a3 {[%clk 0:18:44]} Nb8 {[%clk 0:16:59]}
20. Qg3 {[%clk 0:16:29]} Nd7 {[%clk 0:16:56]} 21. h4 {[%clk 0:15:49]} b4
{[%clk 0:10:43]} 22. cxb4 {[%clk 0:15:50]} Qa4 {[%clk 0:11:10]} 23. Ng5
{[%clk 0:14:17]} c3 {[%clk 0:10:37]} 24. Qd3 {[%clk 0:11:16]} a5 {[%clk 0:09:52]}
25. b5 {[%clk 0:08:50]} Rc5 {[%clk 0:07:43]} 26. Bc6 {[%clk 0:08:10]} Nb6
{[%clk 0:07:58]} 27. Rdf1 {[%clk 0:07:07]} Qb3 {[%clk 0:07:17]} 28. Rf2
{[%clk 0:01:17]} cxb2+ {[%clk 0:07:09]} 29. Kd2 {[%clk 0:01:36]} Bxg5+
{[%clk 0:07:13]} 30. hxg5 {[%clk 0:01:58]} Qxd3+ {[%clk 0:07:40]} 31. Kxd3
{[%clk 0:02:17]} Rc1 {[%clk 0:08:09]} 32. Rxb2 {[%clk 0:02:14]} Rxh1
{[%clk 0:08:35]} 33. Ke2 {[%clk 0:02:08]} Nc4 {[%clk 0:08:40]} 34. Rc2
{[%clk 0:02:17]} Nxd6 {[%clk 0:09:03]} 35. Rc5 {[%clk 0:02:19]} Rb1
{[%clk 0:08:16]} 36. Rxe5 {[%clk 0:02:16]} Nc4 {[%clk 0:08:34]} 37. Rc5
{[%clk 0:01:32]} Nxa3 {[%clk 0:08:57]} 38. Bd5 {[%clk 0:00:51]} Nxb5
{[%clk 0:08:56]} 39. Bc4 {[%clk 0:00:53]} Rb8 {[%clk 0:08:24]} 40. Ke3
{[%clk 0:30:58]} a4 {[%clk 0:37:19]} 41. Kd4 0-1

[Event "Russian Team Championships 2014 (men)"]
[Site "Sochi (Loo)"]
[Date "2014.04.08"]
[Round "2.14"]
[White "Alekseev, Evgeny"]
[Black "Tomashevsky, Evgeny"]
[Result "0-1"]
[LiveChessVersion "1.4.2"]
[BlackElo "2697"]
[WhiteElo "2678"]
[BlackTeam "Ugra"]
[WhiteTeam "Universitet"]

1. e4 {[%clk 1:30:57]} e5 {[%clk 1:30:55]} 2. Nf3 {[%clk 1:31:16]} Nc6
{[%clk 1:31:19]} 3. Bb5 {[%clk 1:31:30]} a6 {[%clk 1:31:42]} 4. Ba4
{[%clk 1:31:47]} Nf6 {[%clk 1:32:05]} 5. d3 {[%clk 1:31:51]} Bc5 {[%clk 1:32:27]}
6. c3 {[%clk 1:26:44]} d6 {[%clk 1:32:34]} 7. O-O {[%clk 1:25:12]} Ba7
{[%clk 1:32:41]} 8. Re1 {[%clk 1:22:44]} O-O {[%clk 1:26:21]} 9. h3
{[%clk 1:22:03]} Ne7 {[%clk 1:25:06]} 10. Nbd2 {[%clk 1:21:56]} Ng6
{[%clk 1:22:19]} 11. Nf1 {[%clk 1:21:53]} c6 {[%clk 1:20:38]} 12. Ng3
{[%clk 1:16:36]} d5 {[%clk 1:20:16]} 13. Bb3 {[%clk 1:04:11]} dxe4
{[%clk 1:02:42]} 14. dxe4 {[%clk 1:00:35]} Qxd1 {[%clk 0:53:38]} 15. Rxd1
{[%clk 1:00:23]} h6 {[%clk 0:53:18]} 16. Bc2 {[%clk 0:55:47]} Be6
{[%clk 0:51:43]} 17. b3 {[%clk 0:56:08]} Rad8 {[%clk 0:36:05]} 18. Bb2
{[%clk 0:55:06]} Bb8 {[%clk 0:25:59]} 19. Nf5 {[%clk 0:42:59]} Rfe8
{[%clk 0:25:46]} 20. c4 {[%clk 0:41:33]} Nf4 {[%clk 0:20:32]} 21. Ne3
{[%clk 0:29:52]} Nd7 {[%clk 0:19:37]} 22. h4 {[%clk 0:27:34]} Bc7
{[%clk 0:13:09]} 23. g3 {[%clk 0:26:47]} Nh5 {[%clk 0:13:34]} 24. Rd2
{[%clk 0:21:45]} Bb6 {[%clk 0:10:13]} 25. Re2 {[%clk 0:19:23]} Nhf6
{[%clk 0:10:12]} 26. Kg2 {[%clk 0:17:15]} Nc5 {[%clk 0:08:55]} 27. Nf1
{[%clk 0:11:26]} Bg4 {[%clk 0:08:01]} 28. N1h2 {[%clk 0:07:27]} Nd3
{[%clk 0:05:26]} 29. Bxd3 {[%clk 0:04:51]} Rxd3 {[%clk 0:05:33]} 30. Rc1
{[%clk 0:02:05]} Bc5 {[%clk 0:04:55]} 31. Rc3 {[%clk 0:01:04]} Rd1
{[%clk 0:05:08]} 32. Rc1 {[%clk 0:01:20]} Rd3 {[%clk 0:04:42]} 33. Rc3
{[%clk 0:01:46]} Rd6 {[%clk 0:02:40]} 34. Rcc2 {[%clk 0:01:26]} Bh5
{[%clk 0:00:56]} 35. Bxe5 {[%clk 0:01:13]} Rde6 {[%clk 0:01:17]} 36. Bxf6
{[%clk 0:01:05]} gxf6 {[%clk 0:01:46]} 37. Rcd2 {[%clk 0:00:49]} Bg6
{[%clk 0:01:16]} 38. Rd7 {[%clk 0:00:34]} Bxe4 {[%clk 0:01:38]} 39. Red2
{[%clk 0:00:41]} b5 {[%clk 0:01:03]} 40. Rd8 {[%clk 0:30:40]} Kg7
{[%clk 0:30:42]} 41. Rxe8 {[%clk 0:24:40]} Rxe8 {[%clk 0:31:00]} 42. Nf1
{[%clk 0:24:51]} h5 {[%clk 0:18:09]} 43. Ne3 {[%clk 0:20:33]} f5 {[%clk 0:17:33]}
44. Rd7 {[%clk 0:19:26]} bxc4 {[%clk 0:06:59]} 45. bxc4 {[%clk 0:17:43]} Rb8
{[%clk 0:05:27]} 46. Nd1 {[%clk 0:14:04]} Kf6 {[%clk 0:04:04]} 47. Rd2
{[%clk 0:10:15]} Bb4 {[%clk 0:03:30]} 48. Rb2 {[%clk 0:08:46]} Rd8
{[%clk 0:03:48]} 49. Ne3 {[%clk 0:08:20]} a5 {[%clk 0:04:02]} 50. Nf1
{[%clk 0:04:10]} Rd3 {[%clk 0:03:46]} 51. N1h2 {[%clk 0:04:37]} Ra3
{[%clk 0:02:33]} 52. Re2 {[%clk 0:04:45]} a4 {[%clk 0:02:44]} 53. Rb2
{[%clk 0:05:09]} c5 {[%clk 0:02:24]} 54. Re2 {[%clk 0:05:26]} Rd3
{[%clk 0:02:16]} 55. Re3 {[%clk 0:05:36]} Rxe3 {[%clk 0:02:27]} 56. fxe3
{[%clk 0:06:03]} Bb1 {[%clk 0:02:53]} 0-1

[Event "Russian Team Championships 2014 (men)"]
[Site "Sochi (Loo)"]
[Date "2014.04.08"]
[Round "2.21"]
[White "Kokarev, Dmitry"]
[Black "Simonian, Tigran"]
[Result "1-0"]
[LiveChessVersion "1.4.2"]
[BlackElo "2427"]
[WhiteElo "2621"]
[BlackTeam "Atom"]
[WhiteTeam "Politekhnik"]

1. e4 {[%clk 1:30:55]} c5 {[%clk 1:30:37]} 2. Nf3 {[%clk 1:31:16]} Nc6
{[%clk 1:30:38]} 3. d4 {[%clk 1:31:39]} cxd4 {[%clk 1:30:53]} 4. Nxd4
{[%clk 1:32:02]} Nf6 {[%clk 1:30:45]} 5. Nc3 {[%clk 1:32:23]} e5 {[%clk 1:30:48]}
6. Ndb5 {[%clk 1:32:45]} d6 {[%clk 1:31:01]} 7. Bg5 {[%clk 1:33:02]} a6
{[%clk 1:31:12]} 8. Na3 {[%clk 1:33:24]} b5 {[%clk 1:31:21]} 9. Bxf6
{[%clk 1:33:31]} gxf6 {[%clk 1:31:17]} 10. Nd5 {[%clk 1:33:50]} Bg7
{[%clk 1:31:17]} 11. Bd3 {[%clk 1:33:23]} Ne7 {[%clk 1:31:06]} 12. Nxe7
{[%clk 1:33:42]} Qxe7 {[%clk 1:31:31]} 13. O-O {[%clk 1:33:56]} O-O
{[%clk 1:31:31]} 14. c4 {[%clk 1:31:59]} f5 {[%clk 1:31:09]} 15. Qh5
{[%clk 1:31:57]} Rb8 {[%clk 1:28:44]} 16. exf5 {[%clk 1:31:57]} e4
{[%clk 1:28:23]} 17. Rae1 {[%clk 1:31:53]} Bb7 {[%clk 1:28:20]} 18. Qg4
{[%clk 1:31:16]} Kh8 {[%clk 1:23:39]} 19. Bxe4 {[%clk 1:30:05]} Rfe8
{[%clk 1:22:26]} 20. Bd3 {[%clk 1:28:04]} Qxe1 {[%clk 1:21:52]} 21. f6
{[%clk 1:28:12]} Bh6 {[%clk 1:21:58]} 22. Qh5 {[%clk 1:26:14]} Qd2
{[%clk 1:22:06]} 23. Qf5 {[%clk 1:26:28]} Be4 {[%clk 1:21:44]} 24. Bxe4
{[%clk 1:26:49]} Rxe4 {[%clk 1:22:12]} 25. Qxe4 {[%clk 1:27:08]} Qxb2
{[%clk 1:22:18]} 26. Qd3 {[%clk 1:23:08]} b4 {[%clk 1:20:15]} 27. Nc2
{[%clk 1:14:59]} Qxf6 {[%clk 1:19:43]} 28. Rb1 {[%clk 1:07:53]} a5
{[%clk 1:15:35]} 29. a3 {[%clk 1:06:21]} Qe5 {[%clk 1:04:48]} 30. axb4
{[%clk 1:06:21]} axb4 {[%clk 1:05:08]} 31. g3 {[%clk 1:03:11]} Bg7
{[%clk 1:00:31]} 32. Rb3 {[%clk 0:55:42]} Qc5 {[%clk 0:58:03]} 33. Kg2
{[%clk 0:54:33]} Qc6+ {[%clk 0:54:49]} 34. Qf3 {[%clk 0:53:39]} Qxf3+
{[%clk 0:52:07]} 35. Kxf3 {[%clk 0:53:53]} Bc3 {[%clk 0:52:12]} 36. Ke4
{[%clk 0:52:57]} Kg7 {[%clk 0:48:41]} 37. Ne3 {[%clk 0:48:25]} Kg6
{[%clk 0:44:41]} 38. Nd5 {[%clk 0:46:32]} Be1 {[%clk 0:42:51]} 39. f3
{[%clk 0:45:11]} Ra8 {[%clk 0:38:21]} 40. Rb1 {[%clk 1:12:40]} f5+
{[%clk 1:03:04]} 41. Kd3 {[%clk 1:10:27]} Ra3+ {[%clk 1:01:35]} 42. Ke2
{[%clk 1:09:34]} Bc3 {[%clk 1:01:44]} 43. Nxb4 {[%clk 1:08:53]} Bxb4
{[%clk 0:56:04]} 44. Rxb4 {[%clk 1:09:14]} f4 {[%clk 0:56:01]} 45. Rb6
{[%clk 1:06:29]} Ra2+ {[%clk 0:51:28]} 46. Kd3 {[%clk 1:06:11]} Kf5
{[%clk 0:51:52]} 47. g4+ {[%clk 1:01:09]} Ke6 {[%clk 0:49:12]} 48. h4
{[%clk 0:56:18]} Ra3+ {[%clk 0:37:59]} 49. Ke4 {[%clk 0:56:33]} Ra4
{[%clk 0:38:22]} 50. Kxf4 {[%clk 0:56:26]} h6 {[%clk 0:37:44]} 51. Rb5
{[%clk 0:51:29]} Rxc4+ {[%clk 0:36:58]} 52. Kg3 {[%clk 0:51:48]} d5
{[%clk 0:30:14]} 53. Rb6+ {[%clk 0:51:56]} Ke5 {[%clk 0:30:39]} 54. Rxh6
{[%clk 0:52:17]} d4 {[%clk 0:30:47]} 55. Rh5+ {[%clk 0:52:41]} Ke6
{[%clk 0:31:13]} 56. Kf4 {[%clk 0:51:18]} d3+ {[%clk 0:31:35]} 57. Ke3
{[%clk 0:51:41]} Rd4 {[%clk 0:31:42]} 58. Kd2 {[%clk 0:52:03]} Rf4
{[%clk 0:31:56]} 59. Rf5 {[%clk 0:52:02]} Kd5 1-0